V boji za mier, proti militaristickej politike americkej vlády

Bibliographic Details
Main Author: Pittman, John (Author)
Format: Article
Language:Slovak
Subjects:

MARC

LEADER 00000nab a2200000 a 4500
001 vtls000205338
003 SK-MaSNL
005 20260302204207.0
008 111130c1984 xo 0 slo
015 |a SNBRB19rr/mm-uuuuu 
035 |a CL0215451 
040 |a SNKBUCL  |b slo  |c SNKBUCL  |e AACR2 
041 0 |a slo 
044 |a xo  |c SK 
080 |a 329.15(100-19)(73)  |2 1981 
100 1 |a Pittman, John  |4 aut  |9 928362 
245 1 0 |a V boji za mier, proti militaristickej politike americkej vlády  |c John Pittman 
650 0 7 |a Komunistická strana USA  |2 snkbucl  |9 922368 
655 7 |a články z novín a časopisov  |2 snkbucl  |9 267496 
773 0 |t Život strany  |g Č. 10 (1984), s. 44-46 
850 |a Slovenská národná knižnica v Martine  |a MTA001 
852 |a SNK  |b KIS3GCP 
958 |a RK 
992 |a RBX 
999 |c 1472349  |d 1474279